| 000 | 00938nam a2200265Ia 4500 | ||
|---|---|---|---|
| 003 | GCL | ||
| 005 | 20240530105439.0 | ||
| 008 | 140319s9999 xx 000 0 ara d | ||
| 040 |
_aGCL / _cGCL |
||
| 082 | 0 | 4 |
_a345.2 _bس س |
| 100 | 0 | _aسليمان محمد الطماوى | |
| 245 | 1 | 0 |
_aالسلطات الثلاث فى الدساتير العربية المعاصرة وفى الفكر السياسى الاسلامى / _cسليمان محمد الطماوى |
| 260 |
_a[S.N] : _bجامعة عين شمس ، _c1986 |
||
| 300 | _a694 ص | ||
| 650 | 0 | 4 | _aالقانون |
| 650 | 0 | 4 | _aمصر |
| 650 | 0 | 4 | _aالقانون الدستورى |
| 650 | 0 | 4 | _aالسلطة التشريعية |
| 650 | 0 | 4 | _aالسلطة القضائية |
| 650 | 0 | 4 | _aالهيئات التشريعية |
| 650 | 0 | 4 | _aالسلطة التنفيذية |
| 650 | 0 | 4 | _aالسلطات الثلاثة |
| 650 | 0 | 4 | _aفضل السلطان |
| 942 |
_2ddc _cBK |
||
| 999 |
_c56125 _d56125 |
||